Recursos no novo cd̤igo de processo civil

Detalles Bibliográficos
Autor principal: Menezes Farineli, Alexsandro
Otros Autores: Costa Rosa, Edson
Formato: eBook
Lenguaje:portugués
Publicado: San Pablo: Editora Mundo Jurd̕ico, 2017
Materias:
Acceso en línea:Acceso restringido

MARC

LEADER 00000nam a22000007a 4500
005 20190910220011.0
007 cr|||| ||||
008 190910s2017 br |||||s|||| 00||0 por d
020 |a 978-85-8085-104-5 
035 |a 30224 
040 |a vLex 
090 |c 9454  |d 9454 
100 1 |a Menezes Farineli, Alexsandro 
245 1 0 |a Recursos no novo cd̤igo de processo civil  |h [Recurso electrn̤ico] /  |c Alexsandro Menezes Farineli, Edson Costa Rosa 
256 |a Servicio en ln̕ea 
260 |a San Pablo:  |b Editora Mundo Jurd̕ico,  |c 2017 
300 |a 1 recurso electrn̤ico 
500 |a Numa linguagem simples, mas completa, trazendo liė̳s desde a petiȯ̂ inicial, o livro se encontra atualizado com a mais moderna legislaȯ̂ e doutrina processual civil.  
506 1 |a Disponible solo en los productos indicados  |d vLex Global  |d vLex Global (Academic Edition, excluding Law Schools)  |d vLex Global (U.S. Academic Edition, Law Schools)  |d vLex Global (U.S. Academic Edition, excluding Law Schools)  |d vLex Global (Academic Edition, Law Schools) 
650 0 4 |a Procedimiento Civil  |z Brasil 
700 1 |a Costa Rosa, Edson 
740 0 |a vLex Libros (Servicio en ln̕ea) 
856 4 0 |u http://vlex.com/source/recursos-no-novo-codigo-de-processo-civil-30224  |z Acceso restringido 
942 |c BOOK 
999 0 |a Civil Procedure